SPRING 5 RECIPES A PROBLEM SOLUTION APPROACH / (Record no. 589959)

000 -LEADER
fixed length control field 00391nam a22001337a 4500
020 ## - INTERNATIONAL STANDARD BOOK NUMBER
Qualifying information PB.
040 ## - CATALOGING SOURCE
Transcribing agency FIZZA ISHAQ
082 ## - DEWEY DECIMAL CLASSIFICATION NUMBER
Classification number 005.133
Author Mark MAR
100 ## - MAIN ENTRY--PERSONAL NAME
Personal name DEINUM,MARTEN.
9 (RLIN) 91824
245 ## - TITLE STATEMENT
Title SPRING 5 RECIPES A PROBLEM SOLUTION APPROACH /
Statement of responsibility, etc. MARTEN DEINUM.
260 ## - PUBLICATION, DISTRIBUTION, ETC.
Place of publication, distribution, etc. NEW YORK ;
Date of publication, distribution, etc. 2017.
300 ## - PHYSICAL DESCRIPTION
Extent 831 P. ;
942 ## - ADDED ENTRY ELEMENTS (KOHA)
Source of classification or shelving scheme
Koha item type Book
Holdings
Withdrawn status Lost status Source of classification or shelving scheme Damaged status Not for loan Permanent Location Current Location Date acquired Total Checkouts Full call number Barcode Date last seen Price effective from Koha item type
          NUST Baluchistan Campus (NBC) NUST Baluchistan Campus (NBC) 05/24/2022   005.133 MAR Q-5203 05/24/2022 05/24/2022 Book
© 2023 Central Library, National University of Sciences and Technology. All Rights Reserved.